|
|
|
|
| LEADER |
01939nam a2200577 i 4500 |
| 001 |
nkc20193096834 |
| 003 |
CZ PrNK |
| 005 |
20220927112016.0 |
| 007 |
ta |
| 008 |
190509s2019 xr a g e 001 0 cze |
| 015 |
|
|
|a cnb003096834
|
| 020 |
|
|
|a 978-80-264-2438-3
|q (vázáno) :
|c Kč 399,00
|
| 035 |
|
|
|a (OCoLC)1104146734
|
| 040 |
|
|
|a BOA001
|b cze
|e rda
|
| 041 |
1 |
|
|a cze
|h eng
|
| 043 |
|
|
|a n-us---
|
| 072 |
|
7 |
|a 791
|x Film. Cirkus. Lidová zábava
|2 Konspekt
|9 3
|
| 080 |
|
|
|a 791.62:005.71
|2 MRF
|
| 080 |
|
|
|a 791-5
|2 MRF
|
| 080 |
|
|
|a (73)
|2 MRF
|
| 080 |
|
|
|a (031)
|2 MRF
|
| 080 |
|
|
|a (084.11)
|2 MRF
|
| 100 |
1 |
|
|a Bray, Adam
|7 xx0190049
|4 aut
|
| 240 |
1 |
0 |
|a Marvel Studios - character encyclopedia.
|l Česky
|
| 245 |
1 |
0 |
|a Marvel Studios :
|b encyklopedie postav /
|c Adam Bray ; překlad: Jakub Goner
|
| 250 |
|
|
|a 1. vydání
|
| 264 |
|
1 |
|a V Brně :
|b CPress,
|c 2019
|
| 300 |
|
|
|a 175 stran :
|b barevné ilustrace ;
|c 25 cm
|
| 336 |
|
|
|a text
|b txt
|2 rdacontent
|
| 336 |
|
|
|a statický obraz
|b sti
|2 rdacontent
|
| 337 |
|
|
|a bez média
|b n
|2 rdamedia
|
| 338 |
|
|
|a svazek
|b nc
|2 rdacarrier
|
| 500 |
|
|
|a Přeloženo z angličtiny
|
| 500 |
|
|
|a Obsahuje rejstřík
|
| 500 |
|
|
|a Dotisk roku 2020
|
| 610 |
2 |
7 |
|a Marvel Studios
|7 xx0272077
|2 czenas
|
| 650 |
0 |
7 |
|a filmová studia
|7 ph120188
|z Spojené státy americké
|2 czenas
|
| 650 |
0 |
7 |
|a filmové postavy
|7 ph203862
|2 czenas
|
| 650 |
0 |
9 |
|a film studios
|z United States
|2 eczenas
|
| 650 |
0 |
9 |
|a film characters
|2 eczenas
|
| 655 |
|
7 |
|a encyklopedie
|7 fd132201
|2 czenas
|
| 655 |
|
7 |
|a obrazové publikace
|7 fd132947
|2 czenas
|
| 655 |
|
9 |
|a encyclopedias
|2 eczenas
|
| 655 |
|
9 |
|a pictorial works
|2 eczenas
|
| 700 |
1 |
|
|a Goner, Jakub
|7 xx0133109
|4 trl
|
| 910 |
2 |
|
|a BOA001
|b 2-1428.598
|
| 928 |
9 |
|
|a Albatros Media - CPress
|
| 990 |
|
|
|a BK
|
| 995 |
|
|
|a 01
|
| 991 |
|
|
|b 201905
|c NOV
|
| 996 |
6 |
|
|b 2610780869
|c 2-1428.598
|l MZK
|r Sklad / do 1 hodiny
|n 0
|p p.v.
|w 001722384
|u 000010
|a 1
|e BOA001
|j MZK50
|s P
|